Music Quiz

Random Music Quiz

H.O.L.Y. by Florida Georgia Line lyrics Quiz Stats

Quiz not verified by Sporcle

Also try: 1990s Lyric Match
Challenge
Share
Tweet
Embed
Score 0/260 Timer 10:00
0 Plays Today
Answer % Correct
the
98%
and
98%
the
98%
and
98%
the
98%
the
98%
a
98%
and
98%
the
98%
the
98%
the
98%
the
98%
the
98%
the
98%
the
98%
On
95.9%
On
95.9%
On
95.9%
On
95.9%
On
95.9%
On
95.9%
On
95.9%
On
95.9%
On
95.9%
On
95.9%
On
95.9%
On
95.9%
I
95%
I
95%
I
95%
I
95%
I
95%
I
95%
I
95%
I
95%
I
95%
holy
94.1%
holy
94.1%
holy
94.1%
holy
94.1%
holy
94.1%
holy
94.1%
holy
94.1%
holy
94.1%
holy
94.1%
holy
94.1%
holy
94.1%
holy
94.1%
holy
94.1%
holy
94.1%
holy
94.1%
holy
94.1%
holy
94.1%
holy
94.1%
holy
94.1%
holy
94.1%
holy
94.1%
holy
94.1%
holy
94.1%
holy
94.1%
holy
94.1%
you
93.5%
You
93.5%
You
93.5%
You
93.5%
You
93.5%
You
93.5%
you
93.5%
you
93.5%
You
93.5%
You
93.5%
You
93.5%
You
93.5%
you
93.5%
You
93.5%
You
93.5%
You
93.5%
You
93.5%
High
92.1%
High
92.1%
High
92.1%
High
92.1%
High
92.1%
High
92.1%
High
92.1%
High
92.1%
High
92.1%
Answer % Correct
High
92.1%
High
92.1%
High
92.1%
Loving
91.9%
Loving
91.9%
Loving
91.9%
Loving
91.9%
Loving
91.9%
Loving
91.9%
Loving
91.9%
Loving
91.9%
Loving
91.9%
Loving
91.9%
Loving
91.9%
Loving
91.9%
When
90.7%
you're
89.8%
an
89.8%
you're
89.8%
you're
89.8%
You're
89.8%
You're
89.8%
you're
89.8%
You're
89.8%
an
89.8%
you're
89.8%
you're
89.8%
You're
89.8%
You're
89.8%
you're
89.8%
you're
89.8%
You're
89.8%
You're
89.8%
You're
89.8%
you're
89.8%
You're
89.8%
You're
89.8%
sun
89.6%
I'm
89.2%
I'm
89.2%
I'm
89.2%
I'm
89.2%
I'm
89.2%
I'm
89.2%
in
88.9%
in
88.9%
in
88.9%
in
88.9%
to
88.7%
to
88.7%
to
88.7%
came
86.5%
had
86%
me
86%
me
86%
me
86%
me
86%
me
86%
me
85.8%
left
84.9%
angel
84.4%
angel
84.4%
rain
83.3%
sky
83.1%
winter
82.8%
be
82.6%
be
82.6%
darkness
82.2%
broke
82.2%
only
81.3%
all
81.3%
all
81.3%
believe
81%
believe
81%
bring
80.6%
never
80.1%
never
80.1%
never
80.1%
thing
79.7%
thing
79.7%
can
79.5%
can
79.5%
broken
79%
sat
78.8%
first
78.8%
first
78.8%
hearted
78.6%
Answer % Correct
tell
78.3%
tell
78.3%
leaving
78.1%
leaving
78.1%
know
77.9%
know
77.9%
my
77.7%
my
77.7%
my
77.7%
my
77.7%
my
77.7%
my
77.7%
cause
75.6%
cause
75.6%
through
75.4%
cause
75.4%
day
74.9%
baby
74%
saved
73.6%
where
72.9%
where
72.9%
could
72.7%
hope
72.7%
feel
72%
didn't
71.8%
couldn't
71.1%
find
71.1%
alone
71.1%
but
70.9%
losing
70.4%
fall
70%
for
69.8%
was
68.8%
cry
68.4%
started
67.9%
down
67.5%
shine
67%
that
66.4%
don't
66.4%
were
65.5%
somehow
65%
need
64.6%
it
64.3%
meant
63.9%
stars
63.9%
river
63.4%
lay
63.4%
of
63%
bank
62.3%
give
62.1%
heaven
62.1%
let
61.4%
from
60.9%
baptized
60.9%
demons
60.9%
freedom
60.3%
church
60.3%
ya
60%
singing
60%
like
59.6%
darkest
59.4%
killing
59.4%
touching
59.4%
touching
59.4%
hand
59.4%
we'll
58.7%
we'll
58.7%
saving
58.7%
grace
58.7%
babe
58.5%
Hallelujah
58.5%
days
58.2%
these
58.2%
kind
58.2%
veins
58%
hurt
58%
nights
57.8%
healing
57.8%
brightest
57.6%
get
56.9%
used
56.4%
fire
55.5%
ecstasy
55.1%
ecstasy
55.1%
cleanse
54%
made
49.2%

You're not logged in!

Compare scores with friends on all Sporcle quizzes.
Join for Free
OR
Log In

You Might Also Like...

Show Comments

Extras

Created Jul 13, 2016ReportNominate
Tags:florida, Georgia (State), holy

Top Quizzes Today


Score Distribution

Your Account Isn't Verified!

In order to create a playlist on Sporcle, you need to verify the email address you used during registration. Go to your Sporcle Settings to finish the process.

Report this User

Report this user for behavior that violates our Community Guidelines.

Details: